[Event "Extremadura-chT"]
[Site "Spain"]
[Date "2009.02.14"]
[Round "5.3"]
[White "Gonzalez Rodriguez, Emilio"]
[Black "Mancera Pena, Mauricio"]
[Result "1/2-1/2"]
[WhiteElo "1827"]
[BlackElo "1863"]
[PlyCount "58"]
[EventDate "2009.01.17"]
[EventType "team-swiss"]
[EventRounds "9"]
[EventCountry "ESP"]
[SourceTitle "EXT 2011"]
[Source "ChessBase"]
[SourceDate "2010.11.26"]
[SourceVersion "1"]
[SourceVersionDate "2010.11.26"]
[SourceQuality "1"]
[WhiteTeam "Badajoz"]
[BlackTeam "Miguel Illescas"]
[WhiteTeamCountry "ESP"]
[BlackTeamCountry "ESP"]

1. e4 c5 2. Nc3 d6 3. Bb5+ Bd7 4. a4 a6 5. Bc4 Nf6 6. f4 Nc6 7. Nf3 e6 8. d3 Be7 9. 0-0 0-0 10. Qe1 Nb4 11. Bb3 Qc7 12. Bd2 b5 13. axb5 axb5 14. Rxa8 Rxa8 15. Ne2 Nc6 16. Ng3 Na5 17. Bxa5 Rxa5 18. f5 c4 19. dxc4 bxc4 20. Bxc4 Bb5 21. Bxb5 Rxb5 22. Qb1 Qb6+ 23. Kh1 Rxb2 24. Qc1 Ng4 25. fxe6 fxe6 26. h3 Ne3 27. Re1 Nxc2 28. Rf1 Bf6 29. Kh2 Qb3 1/2-1/2